Mitski - I Bet on Losing Dogs lyrics - Statistics

General Stats
  • This quiz has been taken 1,653 times
    1,641 since last reset
  • The average score is 119 of 139
Answer Stats
Lyrics % Correct
[Chorus] I
100%
be
99%
dogs
99%
losing
99%
on
99%
bet
98%
[Verse] My
96%
my
96%
the
95%
you
95%
to
94%
baby
93%
Baby
93%
I'm
93%
me
93%
your
93%
it
91%
when
91%
and
90%
say
90%
By
89%
by
89%
know
89%
You're
88%
in
87%
they're
87%
eyes
86%
for
86%
that
85%
their
85%
I'll
84%
pay
84%
Tell
84%
looking
83%
place
83%
ring
82%
side
81%
down
77%
there
75%
Where
75%
want
67%
feel
66%
finally
66%
die
64%
wanna
64%
watch
64%
always
63%
come
61%
fine
61%
Someone
60%
Lose
56%
[Bridge] Will
51%
How
49%
let
47%
over
42%
you'd
39%
[Outro] Did
14%
get
13%
No matching quizzes found
Score Distribution
Percent of People with Each Score
Percentile by Number Answered
Your Score History
You have not taken this quiz since the last reset